[Event "Candidats final"]
[Site "Belgrade"]
[Date "1977.??.??"]
[Round "18"]
[White "Spassky, Boris V"]
[Black "Kortschnoj, Viktor"]
[Result "0-1"]
[WhiteElo "2610"]
[BlackElo "2645"]

1.d4 e6 2.e4 d5 3.e5 c5 4.c3 Nc6 5.Nf3 Bd7 6.Be2 Nge7 7.Na3 cxd4 8.cxd4 Nf5
9.Nc2 Nb4 10.Ne3 Nxe3 11.fxe3 Be7 12.a3 Nc6 13.b4 a6 14.Rb1 Na7 15.a4 Nc6
16.Bd2 a5 17.b5 Nb4 18.O-O O-O 19.Qe1 Kh8 20.Qg3 f6 21.Rbc1 f5 22.h4 Rc8
23.h5 Rxc1 24.Rxc1 Na2 25.Ra1 Nb4 26.Qh3 Be8 27.Kf2 Qb6 28.g4 g5 29.hxg6 Bxg6
30.g5 f4 31.exf4 Nc2 32.Rd1 Be4 33.Be3 Nxe3 34.Kxe3 Qc7 35.g6 Bxg6 36.Qxe6 Ba3
37.Qxd5 Bc1+ 38.Kf2 Bxf4 39.Qc4 Qg7 40.Rg1 Qh6 41.Qc3  0-1